00481 a2200169 450000100060000002000150000604000220002110000180004324000390006124500340010030000080013436200090014265000230015194200070017495201130018199900170029456840 a8524911972 cAnchieta - Pituba aGaldino, Luiz10aO mistério da cobra de fogolpor10aO mistério da cobra de fogo a1840 a2006 4aLiteratura juvenil cBK 00104070a91.1b91.1d2023-11-21l0oLJ 028.5 G149m GAL MISp6522/PITr2023-11-21 18:24:24w2023-11-21yBK c56840d56840